000 00650nam a2200193Ia 4500
003 GCL
008 140319s9999 xx 000 0 ara d
040 _aGCL /
_cGCL
082 0 4 _a301.14
_bغ ا
100 1 _aغريب عبدالسميع غريب
245 1 0 _aالاتصال والعلاقات العامة فى المجتمع المعاصر /
_cغريب عبدالسميع غريب
300 _a238 ص
490 _aالهيئة العامة للاستعلامات
_v0
650 0 4 _aالمجتمع
650 0 4 _aالعلاقات العامة
650 0 4 _aالاعلام
650 0 4 _aالاتصال - علم اجتماع
942 _2ddc
_cBK
999 _c52102
_d52102